| 000 | 00416 a2200133 4500 | ||
|---|---|---|---|
| 001 | 87919 | ||
| 082 | _aPR 257 | ||
| 090 |
_c41386 _d41386 |
||
| 100 | _aMohainmen Sabri M.; Anwar Muhammad prof | ||
| 245 |
_aFeasibility study of solar trubine working on organic rankine cycle furnishing 100 wattes output _nG-66 |
||
| 260 |
_aRisalpur _bNUST _c2009 |
||
| 300 |
_axiii, 93 p. _ewith CD |
||
| 500 | _aBE project reports AE | ||
| 942 |
_aCAE NUST _kPR 257 |
||
| 999 |
_c322992 _d322992 |
||